000 01042nam a2200265 i 4500
001 bg
245 0 _aPolska klasyfikacja wyrobów i usług :
_bzałącznik do rozporządzenia Rady Ministrów z dnia 18 marca 1997 r. w sprawie Polskiej Klasyfikacji Wyrobów i usług.
_nT.5,
_pDział 29 /
_cKancelaria Prezesa Rady Ministrów.
250 _a[Wyd.3].
260 _aWarszawa :
_bKPRM,
_c[1997].
300 _a323 s. ;
_c28 cm.
490 1 _aDziennik Ustaw Rzeczypospolitej Polskiej
501 _aZałącznik do nru 42, poz.264 z dnia 29 kwietnia 1997 r.
650 9 _aklasyfikacja
_xwyroby
_xprawo
_zPolska
_ystan na 1997 r.
650 9 _aklasyfikacja
_xusługi
_xprawo
_zPolska
_ystan na 1997 r.
710 _aKancelaria Prezesa Rady Ministrów
830 _aDziennik Ustaw Rzeczypospolitej Polskiej
020 _a8387263133 T.5
020 _a8387263087 (całość)
040 _cBPK
041 _apol
920 _a83-87263-13-3 T.5
920 _a83-87263-08-7 (całość)
942 _cKA
008 s pl f |000 0 pol
999 _c24257
_d24257
856 _uhttp://koha.tu.koszalin.pl/cgi-bin/koha/opac-detail.pl?biblionumber=24257
_yKatalog online BPK